El Único País Europeo... - Estadísticas

Estadísticas generales
  • Esta prueba ha sido intentada 15.403 veces
  • La puntuación promedio es 11 de 20
Estadísticas de respuestas
El único país europeo que... País % Correcto
tiene más de 100 millones de personas Rusia
93%
ha votado para dejar la UE Reino Unido
92%
tiene territorio en el continente africano España
86%
comienza con la letra G Grecia
81%
está completamente rodeada por el Mediterráneo Malta
72%
tiene carreteras sin límites de velocidad Alemania
71%
no tiene mosquitos Islandia
66%
bordea tanto el Mediterráneo como el Mar del Norte Francia
60%
tiene un billonario por cada 10.000 ciudadanos Mónaco
56%
tiene una raya naranja en su bandera Irlanda
51%
tiene una capital cuya nombre comienza con K Ucrania
49%
tiene la pena de muerte Bielorrusia
48%
no tiene una "A" o una "E" en su nombre Kosovo
48%
usa Złoty como moneda Polonia
48%
es una monarquía absoluta Ciudad del Vaticano
39%
tiene una elevación media más de 1.500m Andorra
28%
está doblemente sin litoral Liechtenstein
28%
está gobernado por un consejo de siete personas Suiza
27%
tiene un fondo de riqueza soberana de un billón de dólares Noruega
23%
obtiene el 40% de su energía del viento Dinamarca
22%
No se encontraron pruebas coincidentes
Distribución de puntuación
Porcentaje de gente con cada puntuación
Porcentaje por número respondido
Historial de tus puntuaciones
No has intentado esta prueba.